You Do Know Jack Quiz Stats

 Plays Quiz Updated Nov 8, 2018

     
Support Sporcle.
Go Orange.
Score 0/32 Timer 06:00
1 Play Today
Hint Answer % Correct
'School of Rock' and 'King Kong' actorJack Black
89.9%
They went to fetch a pail of waterJack and Jill
85.6%
Fictional Character on 'Pirates of the Caribbean'Captain Jack Sparrow
84.6%
A male donkey or an MTV reality showJackass
84.3%
Founder of his own Tennessee whiskeyJack Daniel
83.9%
Character that personifies cold wintry weatherJack Frost
83.8%
Actor from 'The Shining' and 'As Good as It Gets'Jack Nicholson
81.2%
Childrens toy or US fast food chainJack in the box
79.8%
1880s British Serial KillerJack the Ripper
74.6%
Caramel corn and peanuts snackCracker-Jack
67.9%
The flag of the United Kingdom, as it is commonly knownUnion-Jack
62.9%
He sat in a corner eating a Christmas pieLittle Jack Horner
55.6%
Musician for the White StripesJack White
55.4%
Five time winner of the PGA ChampionshipJack Nicklaus
53.5%
Author of 'The Call of the Wild'Jack London
50.4%
1968 single from The Rolling StonesJumpin' Jack Flash
50.2%
Hint Answer % Correct
Fictional TV character who works in chunks of 24Jack Bauer
49.1%
Author of 'On the Road'Jack Kerouac
48%
Right-to-die activist nicknamed 'Doctor Death'Jack Kevorkian
46%
Killed Lee Harvey OswaldJack Ruby
43.9%
Played Felix Ungar on the 'Odd Couple' (Movie)Jack Lemmon
35.9%
'The godfather of fitness' and juicer promoterJack LaLanne
32%
Fictional character created by Tom ClancyJack Ryan
28.9%
This City Slicker won the Oscar in 1991Jack Palance
28.9%
His Deep Thoughts include 'It takes a big man to cry, but it takes a bigger man to laugh at that man.'Jack Handey
28.1%
Played Oscar Madison on the 'Odd Couple' (TV)Jack Klugman
23.7%
Hosted 'The Tonight Show' from 1957 to 1962Jack Paar
23.6%
Vaudeville radio and tv comedian of eponymous show fameJack Benny
22.3%
Boxing world heavyweight title from 1919 to 1926Jack Dempsey
19.6%
Fictional doctor on 'Lost'Dr. Jack Shephard
16.4%
Played Steve McGarrett on 'Hawaii Five-O'Jack Lord
16.3%
He played Sergeant Joe Friday on 'Dragnet'Jack Webb
12.9%

From the Vault

Two-Word Hint Mini-Crossword XI

by AuroraIllumina

If a mini-crossword feels like it goes by too quickly, just solve the entire playlist.
Remove Ads.
Support Sporcle.
Get the best of Sporcle when you Go Orange. This ad-free experience offers more features, more stats, and more fun while also helping to support Sporcle. Thank you for becoming a member.

Show Comments

Extras

Top Quizzes Today


Score Distribution

Your Account Isn't Verified!

In order to create a playlist on Sporcle, you need to verify the email address you used during registration. Go to your Sporcle Settings to finish the process.

Report this User

Report this user for behavior that violates our Community Guidelines.

Details: